[Event "Tata Steel Tienkampen 2023"]
[Site "Wijk aan Zee"]
[Date "2023.01.28"]
[Round "8.2"]
[White "De Winter, Arthur"]
[Black "Van Dael, Siem"]
[Result "0-1"]
[WhiteElo "2371"]
[BlackElo "2291"]
[Annotator "TA"]
[PlyCount "60"]
[EventDate "2023.01.20"]
[EventType "swiss"]
[EventCountry "NED"]
[SourceTitle "playchess.com"]
[Source "ChessBase"]
[SourceQuality "1"]

{[%evp 9,60,14,19,2,-7,0,17,34,54,47,47,8,29,-39,-35,-30,62,48,52,18,206,214,227,223,336,55,39,-68,-51,-55,-73,-158,-89,-268,-221,-252,-223,-795,-793,-779,-783,-788,-104,-631,-783,-763,-740,-753,-744,-706,-686,-897,-878]} 1. e4 {[%emt 0:00:02]} c5 {[%emt 0:00:11]} 2. Nf3 {[%emt 0:00:04][%cal Bg1f3,Bf3d4,Bd4b3,Bb3d2][%mdl 32]} d6 {[%emt 0:00:04]} 3. d4 {[%emt 0:00:02]} cxd4 {[%emt 0:00:07]} 4. Nxd4 {[%emt 0:00:02]} Nf6 {[%emt 0:00:08]} 5. Nc3 {[%emt 0:00:02]} a6 {[%emt 0:00:06]} 6. h4 {[%emt 0:00:02] B90: Sicilian Najdorf: Unusual White 6th moves, 6 Be3 Ng4 and 6 Be3 e5.} e5 {[%emt 0:01:51]} 7. Nb3 {[%emt 0:00:03]} Be6 {[%emt 0:01:42]} 8. f4 {[%emt 0:00:04][%cal Bf2f4,Bf4f5][%mdl 32] The position is equal.} Qc7 {[%emt 0:10:43]} 9. f5 {[%emt 0:04:22]} Bc4 {[%emt 0:01:49]} 10. Nd2 {[%emt 0:11:28] [#]} d5 $146 {[%emt 0:10:54]} ({Predecessor:} 10... Bxf1 11. Nxf1 Qc6 12. Qf3 b5 13. Ne3 Nbd7 14. Bd2 Nb6 15. a3 Rd8 16. O-O-O a5 {1-0 Dastan,B (2529)-Garanin,A (2192) Riga Tech op 7th 2017 (1)}) 11. Bxc4 {[%emt 0:06:05]} (11. Nxc4 $11 dxc4 12. a3) 11... dxc4 $15 {[%emt 0:00:59]} 12. g4 {[%emt 0:00:03][%cal Bg2g4,Bg4g5][%mdl 32] And now g5 would win.} h5 {[%emt 0:06:05]} (12... h6 $1 $11) 13. g5 $14 {[%emt 0:01:23]} Ng4 {[%emt 0:00:09]} 14. Nd5 {[%emt 0:02:53]} (14. Qe2 $5 {[%cal Rc3d5]}) 14... Qa5 {[%emt 0:28:23]} (14... Qc5 $11 {and Black is okay.} 15. Qe2 Nc6) 15. c3 $1 $18 {[%emt 0:10:25]} b5 {[%emt 0:02:59]} 16. a4 $1 {[%emt 0:03:12]} Nc6 {[%emt 0:05:38]} (16... Bc5 {keeps fighting.} 17. b4 cxb3 18. Nxb3 Bf2+ 19. Ke2 Qd8 20. axb5 Bb6) 17. b4 $2 {[%emt 0:22:01]} ({White should try} 17. axb5 $18 Qxa1 18. Nc7+ (18. bxc6 Rc8 $11) 18... Kd8 19. Nxa8) 17... Bxb4 $14 {[%emt 0:00:07]} 18. cxb4 {[%emt 0:00:44]} (18. Bb2 $1 $14 O-O 19. cxb4 (19. Nxb4 $2 Nxb4 20. cxb4 Qxb4 $19) 19... Nxb4 20. Bc3 Nd3+ 21. Kf1) 18... Nxb4 $15 {[%emt 0:00:02] Strongly threatening ...0-0.} 19. Nxb4 {[%emt 0:07:11]} Qxb4 $40 {[%emt 0:00:42][%mdl 128] Black is out for blood.} 20. Rb1 {[%emt 0:00:34]} (20. Rh3 $142 Qc5 21. Qe2) 20... Qc5 {[%emt 0:08:20] Black has more active pieces.} (20... Qc3 $142 $1 {[%cal Rc3g3] ( -> ...Qg3+)} 21. Qf3 Qc2) 21. Qf3 {[%emt 0:01:24]} (21. Qe2 $17 {was the only defense.}) 21... O-O-O $19 {[%emt 0:05:42] White must now prevent ...Rd3.} 22. Ba3 {[%emt 0:06:06] [#]} (22. axb5 $2 Rd3 23. Nb3 (23. Qe2 $2 Re3 $19) 23... Qxb5 $19) 22... Qa7 {[%emt 0:06:12]} (22... Qd4 23. Bb4 $11) 23. Rc1 $2 {[%emt 0:06:19] [#]} (23. axb5 axb5 24. Rxb5) 23... Rd3 $3 {[%emt 0:01:11][%mdl 576] Deflection} 24. Qxd3 {[%emt 0:00:42]} Qf2+ {[%emt 0:00:05]} (24... bxa4 25. Qxc4+ Kb8 26. Rb1+ (26. Qxa4 $2 Qf2+ 27. Kd1 Ne3#) (26. Qxa4 $2 Qf2+ 27. Kd1 Ne3#)) 25. Kd1 {[%emt 0:00:05]} Ne3+ {[%emt 0:00:03]} (25... bxa4 26. Qxc4+) 26. Qxe3 {[%emt 0:00:07]} Qxe3 {[%emt 0:00:03] Black is clearly winning.} 27. Be7 {[%emt 0:10:14]} c3 {[%emt 0:05:12][%csl Gc3][%cal Re3d2]} (27... bxa4 28. Rxc4+ (28. Nxc4 Qd3+ 29. Nd2+ Kd7 $11) 28... Kd7 29. Bc5 $16 (29. f6 g6 $14)) 28. Rc2 {[%emt 0:00:25]} Kb7 {[%emt 0:03:10]} ({Inferior is} 28... bxa4 29. Bb4 Kb7 30. Rxc3 $11) 29. Re1 {[%emt 0:00:16]} Qd3 {[%emt 0:01:44][%mdl 64] Pin} (29... cxd2 $2 30. Rxe3 a5 31. axb5 $18) 30. axb5 {[%emt 0:00:06]} axb5 {[%emt 0:00:06] Ingenious play by Van Dael!   Weighted Error Value: White=0.72/Black=0.29 (precise)} 0-1

[Event "Tata Steel Tienkampen 2023"]
[Site "Wijk aan Zee"]
[Date "2023.01.28"]
[Round "8.3"]
[White "Van der Werf, Mark"]
[Black "Pijpers, Arthur"]
[Result "0-1"]
[WhiteElo "2412"]
[BlackElo "2445"]
[Annotator "TA"]
[PlyCount "62"]
[EventDate "2023.01.20"]
[EventType "swiss"]
[EventCountry "NED"]
[SourceTitle "playchess.com"]
[Source "ChessBase"]
[SourceQuality "1"]

{[%evp 16,62,23,19,43,33,42,20,0,19,24,15,62,12,43,55,33,0,0,-242,-201,-277,-271,-283,-181,-306,-189,-824,-823,-809,-803,-789,-759,-889,-881,-818,-557,-857,-905,-1100,-1118,-2835,-2778,-29980,-29981,-29981,-29982,-12842,-656]} 1. d4 {[%emt 0:00:02]} Nf6 {[%emt 0:00:05]} 2. c4 {[%emt 0:00:04]} g6 {[%emt 0:00:04]} 3. Nc3 {[%emt 0:00:04]} Bg7 {[%emt 0:00:04]} 4. e4 {[%emt 0:00:17]} d6 {[%emt 0:00:04]} 5. h3 {[%emt 0:01:15]} O-O {[%emt 0:00:31]} 6. Bg5 {[%emt 0:00:04]} c5 {[%emt 0:00:46]} 7. d5 {[%emt 0:00:09]} e6 {[%emt 0:00:08]} 8. Bd3 {[%emt 0:00:16]} exd5 {[%emt 0:01:00]} 9. cxd5 {[%emt 0:00:17]} b5 {[%emt 0:07:50] A65: Modern Benoni: 6 e4.} 10. Bxb5 {[%emt 0:05:24] [#]} h6 $146 {[%emt 0:00:34]} ({Predecessor:} 10... Qa5 11. Qa4 Qb4 12. Nge2 Nbd7 13. O-O Rb8 14. Rab1 a6 15. Bc6 Ne5 16. Qc2 a5 17. a3 {1-0 Stinka,J (2285)-Parizek,V (2212) CZE-chT1W 2122 2021 (2.1)}) 11. Bd2 {[%emt 0:05:33]} Nbd7 {[%emt 0:03:38][%cal Of6e4] The position is equal.} 12. Nge2 {[%emt 0:04:00]} Rb8 {[%emt 0:01:29][%cal Of6e4]} 13. Qc2 {[%emt 0:03:25]} Nh5 {[%emt 0:00:05]} (13... Re8 $1 $11) 14. g4 {[%emt 0:07:09]} ({White should play} 14. O-O $14) 14... Ne5 {[%emt 0:01:19][%cal Oa7a6] aiming for ...a6!} 15. O-O-O $1 {[%emt 0:06:06]} a6 $1 {[%emt 0:04:46]} 16. Ba4 {[%emt 0:02:36]} (16. Bc6 $5 {[%cal Rg4h5]} Nf6 17. f4 $14) 16... Nf6 {[%emt 0:09:06]} 17. Nb1 $2 {[%emt 0:19:58] [#] Black keeps a firm grip on the game.} (17. Bf4 $11 {and White stays safe.}) 17... Nxe4 $1 $19 {[%emt 0:27:26][%mdl 576] Remove Defender} 18. Qxe4 {[%emt 0:00:16] And now f4 would win.} f5 {[%emt 0:00:05][%mdl 64] Deflection} 19. Qc2 {[%emt 0:02:40] Hoping for f4.} fxg4 $40 {[%emt 0:00:31][%mdl 192] ...Bf5 is the strong threat. Discovered Attack. Black goes for the king.} 20. Ng3 {[%emt 0:00:35]} Rxf2 {[%emt 0:05:02]} 21. Rdf1 $2 {[%emt 0:04:03] [#]} (21. Rde1 Rg2 22. Rxe5 {[%mdl 64] Remove Defender} dxe5 23. Qxg6 Rxg3 24. Bxh6) 21... c4 $1 {[%emt 0:08:34]} 22. Rxf2 {[%emt 0:06:30]} Nd3+ {[%emt 0:00:05]} ({Worse is} 22... gxh3 23. Rf4 (23. Kd1 $2 Bg4+ 24. Re2 Qh4 $19) 23... Nd3+ 24. Kd1 Nxf4 25. Bxf4 $19) 23. Qxd3 {[%emt 0:04:16]} Bxb2+ {[%emt 0:07:06]} 24. Kc2 {[%emt 0:01:43]} cxd3+ {[%emt 0:00:08]} 25. Kxd3 {[%emt 0:00:03]} Be5 {[%emt 0:08:19]} 26. Ne4 {[%emt 0:17:44]} Bf5 {[%emt 0:05:11]} 27. Nbc3 {[%emt 0:01:52]} Qa5 {[%emt 0:06:49]} 28. Bb3 {[%emt 0:04:02]} Bxe4+ {[%emt 0:03:18]} 29. Nxe4 {[%emt 0:00:22] [#]} Rxb3+ $1 {[%emt 0:00:04][%mdl 576] Remove Defender} 30. axb3 {[%emt 0:01:02]} Qxd5+ {[%emt 0:00:06]} 31. Ke3 {[%emt 0:00:52]} Qd4+ {[%emt 0:00:08][%mdl 64] Deflection. Magnificent play by Pijpers!   Weighted Error Value: White=1.26/Black=0.30} 0-1

[Event "Tata Steel Tienkampen 2023"]
[Site "Wijk aan Zee"]
[Date "2023.01.28"]
[Round "8.4"]
[White "Pham, Khoi"]
[Black "Culum, Sanjin"]
[Result "1-0"]
[WhiteElo "2353"]
[BlackElo "2242"]
[Annotator "TA"]
[PlyCount "139"]
[EventDate "2023.01.20"]
[EventType "swiss"]
[EventCountry "NED"]
[SourceTitle "playchess.com"]
[Source "ChessBase"]
[SourceQuality "1"]

{[%evp 9,139,27,8,18,6,0,17,0,0,20,45,43,46,0,0,-15,-16,-15,0,-13,0,0,20,2,33,4,0,0,20,-26,0,-3,0,-4,0,-5,27,24,50,51,50,34,44,54,41,32,27,8,24,29,39,23,71,75,74,66,94,0,0,0,0,0,0,0,22,38,94,28,72,36,28,29,35,35,73,0,14,-11,-16,0,-5,-26,0,0,0,0,116,110,722,720,714,708,845,678,948,936,823,823,823,823,1213,1212,1183,1027,852,1162,1073,1048,987,909,937,819,685,515,6095,6075,5330,5223,5085,5081,29964,29963,29946,29952,29989,29990,29990,29990,29991,29992,29996,29997]} 1. e4 c5 {[%emt 0:00:04]} 2. Nf3 {[%emt 0:00:05]} Nc6 3. Bb5 {[%emt 0:00:07]} g6 {[%emt 0:00:05]} 4. Bxc6 {[%emt 0:00:07]} bxc6 {[%emt 0:00:05]} 5. d4 {[%emt 0:00:10]} Bg7 {[%emt 0:01:30]} 6. dxc5 {[%emt 0:00:20] B31: Sicilian: 2...Nc6 3 Bb5 g6.} Qa5+ {[%emt 0:05:36]} 7. Nbd2 {[%emt 0:00:34]} Qxc5 {[%emt 0:03:45]} 8. O-O {[%emt 0:00:20] The position is equal.} d6 {[%emt 0:01:21] The old main line.} 9. Re1 {[%emt 0:00:15]} Nh6 {[%emt 0:02:23]} 10. Nb3 {[%emt 0:06:13] [#]} Qb6 $146 {[%emt 0:01:50]} ({Predecessor:} 10... Qh5 11. e5 dxe5 12. Bxh6 Qxh6 13. Nxe5 O-O 14. Na5 e6 15. Qd6 Qg5 16. Rad1 Bf6 17. Naxc6 {½-½ Nasuta,G (2530)-Radnai,A (2266) Roquetas de Mar op 30th 2019 (2)}) 11. h3 {[%emt 0:02:05]} (11. e5 $14 O-O 12. exd6 exd6 13. Qxd6 (13. Bxh6 Bxh6 14. Qxd6 Bg7 $14)) 11... f6 $11 {[%emt 0:04:16]} 12. c4 {[%emt 0:06:48][%cal Oc4c5]} c5 $1 {[%emt 0:07:10]} 13. Bd2 {[%emt 0:03:15]} Nf7 {[%emt 0:00:55]} 14. Ba5 {[%emt 0:04:27]} Qc6 {[%emt 0:01:24]} (14... Qa6 {keeps more tension.} 15. Qd5 O-O 16. Bc3 Bb7) 15. Bc3 {[%emt 0:00:15]} Be6 {[%emt 0:02:28]} 16. Na5 {[%emt 0:02:47]} Qb6 {[%emt 0:03:13]} 17. Rb1 {[%emt 0:05:27]} O-O {[%emt 0:03:53]} 18. a3 {[%emt 0:09:22]} Ne5 {[%emt 0:04:03]} 19. Bxe5 {[%emt 0:04:44]} (19. Nxe5 $142 fxe5 20. Qd2) 19... Qxa5 {[%emt 0:02:52]} 20. Bc3 {[%emt 0:02:19]} Qa6 {[%emt 0:00:21]} 21. b3 {[%emt 0:02:52][%cal Bb2b3,Bb3b4,Bb4b5][%mdl 32]} Bh6 {[%emt 0:12:15]} 22. Nh2 {[%emt 0:06:38][%cal Bf3h2,Bh2g4,Bg4e3,Be3d5,Bd5f4,Bf4d3][%mdl 32]} Qc6 {[%emt 0:02:10]} (22... Qxa3 $2 23. Ra1 $18) 23. Ng4 {[%emt 0:02:20]} Bg7 {[%emt 0:00:51]} 24. Ne3 {[%emt 0:01:36]} Rae8 {[%emt 0:01:22]} (24... Qxe4 $2 25. Nf1 (25. Nd5 Bxd5 26. Rxe4 Bxe4 $16) 25... Qb7 26. Rxe6 $18) 25. Nd5 {[%emt 0:19:00]} Bc8 {[%emt 0:01:51]} 26. b4 {[%emt 0:09:04]} e6 {[%emt 0:05:36]} 27. b5 {[%emt 0:00:37]} Qd7 {[%emt 0:00:29]} 28. Nf4 {[%emt 0:00:54]} Bb7 {[%emt 0:01:12]} 29. a4 {[%emt 0:04:46]} Qc7 {[%emt 0:06:03][%cal Od6d5]} 30. Nd3 {[%emt 0:05:14]} Qf7 {[%emt 0:06:04]} (30... e5 $11 {deserves consideration.}) 31. a5 $16 {[%emt 0:00:52] White is more active.} e5 {[%emt 0:00:37]} 32. a6 {[%emt 0:00:58]} Ba8 {[%emt 0:00:27]} 33. Qa4 {[%emt 0:03:44]} (33. Nb2 $1 $16) 33... f5 $11 {[%emt 0:00:37]} 34. f3 {[%emt 0:00:07]} fxe4 {[%emt 0:03:05]} 35. fxe4 {[%emt 0:00:05]} g5 {[%emt 0:00:05]} 36. Qa2 {[%emt 0:03:53]} h5 {[%emt 0:07:17]} 37. Nf2 {[%emt 0:01:30]} g4 {[%emt 0:01:49]} 38. hxg4 $16 {[%emt 0:00:10]} hxg4 {[%emt 0:00:07]} 39. Qe2 {[%emt 0:01:42] Bd2 would be deadly.} (39. Nxg4 $2 Qg6 40. Nf2 (40. Qe2 $2 Rf4 $19) 40... Rf3 $19) (39. Re3 $5) 39... g3 {[%emt 0:01:41]} 40. Nh3 {[%emt 0:01:14] And now Bd2 would win.} Qg6 {[%emt 0:00:32][%cal Of8f4]} 41. b6 {[%emt 0:04:34]} axb6 {[%emt 0:00:38][%cal Of8f4]} 42. Rxb6 {[%emt 0:00:51]} ({Better is} 42. Qd3 $1 $16) 42... Rb8 {[%emt 0:05:06]} 43. Ba5 {[%emt 0:10:03]} (43. Rb5 {looks sharper.} Bc6 44. a7 Ra8 45. Rb6) 43... Rxb6 {[%emt 0:01:43]} 44. Bxb6 {[%emt 0:00:06]} Rb8 {[%emt 0:04:45]} 45. Bc7 {[%emt 0:06:33]} Rc8 {[%emt 0:02:45]} (45... Rb4 $5 {[%cal Rb4a4]} 46. Qc2 Qf7 47. Bxd6 Qxc4 48. Qxc4+ Rxc4 $15) 46. Ba5 {[%emt 0:03:39]} Rc6 {[%emt 0:02:20]} 47. a7 {[%emt 0:06:54] Strongly threatening Qb2.} Rc8 {[%emt 0:24:12]} (47... Ra6 $11 48. Qb2 Bf8) 48. Rb1 $1 {[%emt 0:03:02]} Bxe4 $2 {[%emt 0:02:46][%mdl 8192] This move loses the game for Black.} (48... Qxe4 $2 49. Qxe4 Bxe4 50. Rb8 $18) (48... Rf8 $16) 49. Rb8 $18 {[%emt 0:01:15]} Rf8 {[%emt 0:00:19] [#]} 50. Ng5 $1 {[%emt 0:02:57][%mdl 576] Deflection, Promotion} Bc6 {[%emt 0:03:41] [#]} (50... Bb7 51. Bd2) 51. Qg4 $1 {[%emt 0:01:47]} Bf6 {[%emt 0:07:53]} 52. Qe6+ {[%emt 0:01:59]} Kg7 {[%emt 0:00:08]} 53. Qxd6 {[%emt 0:00:09][%csl Gb8][%cal Rd6f8]} Qxg5 {[%emt 0:01:42]} 54. Qxf8+ {[%emt 0:00:05]} (54. Rxf8 $2 Qc1+) 54... Kh7 {[%emt 0:01:47]} 55. Qf7+ {[%emt 0:01:26]} (55. a8=B $2 Qc1+) 55... Bg7 {[%emt 0:02:31]} 56. Qg8+ {[%emt 0:02:32]} (56. a8=R Qc1+) 56... Kg6 {[%emt 0:00:24]} 57. Qe6+ {[%emt 0:00:31]} (57. a8=R $2 Qc1+) 57... Kh7 {[%emt 0:00:05]} 58. Bd2 {[%emt 0:02:59][%mdl 64] Deflection} (58. Qxc6 $2 Qc1+) 58... Qxd2 {[%emt 0:01:48] [#]} 59. Qf5+ $1 {[%emt 0:00:03]} (59. Qxc6 $2 Qe1#) ({Inferior is} 59. Qh3+ Bh6 60. Qf5+ (60. a8=B $2 Qe1#) (60. Qxg3 {leads to mate.} Be3+ 61. Kh1 Qc1+ 62. Kh2 Bg1+ 63. Kh3 Bd7+) 60... Kg7 61. Qxe5+ (61. a8=B $2 Qxg2#) 61... Kf7 62. Qf5+ (62. a8=B $2 Qxg2#) (62. Qxg3 Be3+ 63. Kh2 Bf4) (62. Qc7+ Bd7 $11) 62... Kg7 63. Qe5+ (63. a8=B $2 Qxg2#) 63... Kf7 64. Qf5+ (64. a8=B $2 Qxg2#) (64. Qxg3 Be3+ 65. Kh2 Bf4) (64. Qc7+ Bd7 $11) 64... Kg7 65. Qe5+ $11 (65. a8=B $2 Qxg2#)) 59... Kh6 {[%emt 0:00:26]} 60. Qh3+ {[%emt 0:00:04]} (60. a8=B $2 Qxg2#) 60... Kg6 {[%emt 0:00:43]} 61. Qxg3+ {[%emt 0:00:03]} (61. a8=B $2 Qe1#) 61... Kh7 {[%emt 0:00:14]} (61... Kf7 $142 62. Qf2+ (62. a8=B Qc1+ 63. Kh2 Qh6+ 64. Qh3 Qf4+ 65. Kh1 Qc1+ 66. Kh2 Qf4+ 67. Qg3 Qh6+ 68. Kg1 Qc1+ 69. Kh2 Qh6+ $11) 62... Qf4) 62. a8=Q {[%emt 0:00:36]} ({Weaker is} 62. a8=B e4 $18) 62... Bxa8 {[%emt 0:02:15]} 63. Rxa8 {[%emt 0:00:07][%mdl 4096] Endgame KQR-KQB} Qd4+ {[%emt 0:01:13]} 64. Kh2 {[%emt 0:00:36] White threatens Qh3+ and mate.} e4 {[%emt 0:00:33]} 65. Qh4+ {[%emt 0:00:15] White mates.} Kg6 {[%emt 0:00:22]} 66. Qg4+ {[%emt 0:00:13]} Kf7 {[%emt 0:00:43]} 67. Ra7+ {[%emt 0:01:01]} Kg8 {[%emt 0:00:16]} 68. Qe6+ {[%emt 0:00:13]} Kh7 {[%emt 0:00:24]} 69. Qf5+ {[%emt 0:00:06]} Kg8 {[%emt 0:00:15]} 70. Ra8+ {[%emt 0:00:05] A superb game by Pham.   Weighted Error Value: White=0.13 (very precise) /Black=0.15 (very precise)} 1-0

[Event "Tata Steel Tienkampen 2023"]
[Site "Wijk aan Zee"]
[Date "2023.01.28"]
[Round "8.5"]
[White "Martins, Vinicius Tine"]
[Black "Lopez, Jasel"]
[Result "0-1"]
[WhiteElo "2320"]
[BlackElo "2434"]
[Annotator "TA"]
[PlyCount "110"]
[EventDate "2023.01.20"]
[EventType "swiss"]
[EventCountry "NED"]
[SourceTitle "playchess.com"]
[Source "ChessBase"]
[SourceQuality "1"]

{[%evp 10,109,25,-31,24,34,21,26,32,23,39,29,33,38,35,27,16,0,24,15,84,61,80,78,78,74,64,74,92,58,62,43,49,2,2,2,2,2,49,0,0,0,0,-48,-9,-14,-9,-18,0,0,0,-285,-261,-502,-503,-546,-409,-1055,-1047,-988,-823,-1038,-1038,-1121,-1089,-1232,-1194,-3095,-1618,-29985,-833,-1203,-1077,-1081,-924,-937,-633,-1006,-992,-950,-931,-1873,-1849,-29975,-29972,-29970,-2864,-1992,-1267,-1187,-1151,-29979,-29980,-29986,-29984,-29987,-29985,-29996,-29997,-29997,-29998,-29999]} 1. d4 {[%emt 0:00:17]} d5 {[%emt 0:03:24]} 2. Nf3 {[%emt 0:00:35]} Nf6 {[%emt 0:00:33]} 3. c4 {[%emt 0:00:08]} c6 {[%emt 0:00:13]} 4. Nc3 {[%emt 0:08:37]} dxc4 {[%emt 0:02:40]} 5. a4 {[%emt 0:00:17]} Bf5 {[%emt 0:01:40]} 6. g3 {[%emt 0:02:36]} (6. e3 $11) 6... Ne4 {[%emt 0:15:55] [#] D17: Slav Defence: 5 a4 Bf5: Lines with 6 Nh4 and 6 Ne5.} (6... Na6 $15 7. Nh4 Be6) 7. Nh4 $146 {[%emt 0:15:55]} ({Predecessor:} 7. Bg2 e6 8. Ne5 Bb4 9. O-O Nxc3 10. bxc3 Bxc3 11. Be3 Bxa1 12. Qxa1 O-O 13. Nxc4 Na6 14. Qb2 Qe7 15. Bd2 Rfd8 16. Rc1 Rac8 17. e4 {0-1 Agapov,Y (1967)-Astafurov,A (1982) Tambov Pavlyutin Memorial 6th 2016 (7)}) 7... Nxc3 {[%emt 0:14:58]} 8. bxc3 {[%emt 0:00:18]} Bg4 {[%emt 0:00:25][%cal Oe7e5] White has an edge.} 9. h3 {[%emt 0:13:53][%mdl 1024] White has compensation.} Bh5 {[%emt 0:15:21]} 10. Bg2 {[%emt 0:01:45]} e6 {[%emt 0:03:20]} 11. a5 {[%emt 0:05:26]} Be7 {[%emt 0:01:27]} 12. Nf3 {[%emt 0:00:32]} Nd7 {[%emt 0:01:16]} 13. Nd2 {[%emt 0:12:51]} b5 {[%emt 0:09:14]} 14. Bxc6 {[%emt 0:10:38]} (14. g4 $5 {[%cal Rg4h5]} Bg6 15. Bxc6 $11) 14... a6 {[%emt 0:03:49]} 15. Bxa8 $16 {[%emt 0:04:47]} Qxa8 {[%emt 0:01:27]} 16. O-O {[%emt 0:00:10]} O-O {[%emt 0:00:58]} 17. Ba3 {[%emt 0:00:43]} Bxa3 {[%emt 0:00:57]} 18. Rxa3 {[%emt 0:00:08]} f5 {[%emt 0:00:47]} 19. f4 {[%emt 0:10:51]} Nf6 {[%emt 0:00:45]} 20. Qe1 {[%emt 0:00:43]} Be8 {[%emt 0:11:41] [#]} 21. e4 {[%emt 0:05:05]} fxe4 $11 {[%emt 0:00:23]} 22. Rf2 {[%emt 0:01:07]} Qd5 {[%emt 0:03:18]} 23. Nf1 {[%emt 0:05:41]} Bh5 {[%emt 0:10:56]} (23... Qd6 $11 {feels stronger.} 24. Raa2 Bg6) 24. Ne3 {[%emt 0:04:17]} (24. g4 $14 {should be considered.}) 24... Qd6 {[%emt 0:00:16]} 25. Ra1 {[%emt 0:00:23]} Bf3 {[%emt 0:00:14][%cal Og7g5]} 26. Kh2 {[%emt 0:00:49]} (26. Nf1 $11 {is superior.}) 26... h5 {[%emt 0:01:41][%cal Oh5h4] Hoping for ...h4! White is weak on the light squares} 27. h4 $1 {[%emt 0:00:26]} Qd8 {[%emt 0:01:38]} 28. Qf1 {[%emt 0:01:51]} Ng4+ {[%emt 0:02:03]} 29. Nxg4 {[%emt 0:00:12]} hxg4 {[%emt 0:00:05]} 30. Qe1 $2 {[%emt 0:01:25][%mdl 8192] Black converts the advantage convincingly.} (30. Qc1 $11 {and White has nothing to worry.}) 30... Rxf4 $1 $19 {[%emt 0:00:59][%cal Bf8f4,Bf4f5,Bf5h5][%mdl 96] Deflection, Back Rank} 31. Qe3 $2 {[%emt 0:02:17]} (31. Re2 Rf6 32. Raa2) 31... Rf5 {[%emt 0:00:15]} 32. Raf1 {[%emt 0:00:28]} Qxa5 {[%emt 0:02:22]} 33. d5 {[%emt 0:00:38]} (33. Rb1 $142) 33... exd5 {[%emt 0:00:30]} 34. Qc5 {[%emt 0:00:28]} Qd8 {[%emt 0:00:43]} 35. Rd2 {[%emt 0:00:34]} Rh5 {[%emt 0:01:16]} 36. Kg1 {[%emt 0:00:30]} Qb8 {[%emt 0:00:12]} 37. Kf2 {[%emt 0:00:30]} Rf5 {[%emt 0:00:07]} 38. Rg1 {[%emt 0:00:34]} Qe5 {[%emt 0:00:39]} 39. Qd4 {[%emt 0:00:25]} Qe6 {[%emt 0:00:34]} (39... e3+ $142 40. Qxe3 Bd1+ 41. Qf4 Rxf4+ 42. gxf4 Qxf4+ 43. Ke1 Qe3+ 44. Kxd1 Qxg1+ 45. Ke2 Qg2+ 46. Kd1 Qh1+ 47. Kc2 g3 48. Rd1 Qh2+ 49. Kc1 g2 50. Re1 d4 51. Re8+ Kf7 52. Re1 dxc3 53. Rg1 Qxg1+ 54. Kc2 Qe1 55. h5 Qd2+ 56. Kb1 g1=Q#) 40. Qe3 {[%emt 0:00:35]} a5 {[%emt 0:01:08]} 41. Ra1 {[%emt 0:07:50]} a4 {[%emt 0:07:21][%cal Ob5b4] Threatens to win with ...b4!} 42. Rb1 {[%emt 0:00:20]} Bd1+ {[%emt 0:00:42]} 43. Ke1 {[%emt 0:02:36]} Bb3 {[%emt 0:01:04] ...Rf3 would be deadly.} 44. Rf2 {[%emt 0:00:42]} a3 {[%emt 0:04:31]} 45. Kd2 {[%emt 0:00:57]} a2 {[%emt 0:01:30]} 46. Rbf1 {[%emt 0:00:15] [#]} d4 $1 {[%emt 0:09:36]} 47. cxd4 {[%emt 0:00:55]} (47. Qxd4 e3+) 47... Rxf2+ {[%emt 0:00:26]} (47... c3+ $142 48. Kxc3 Rxf2 49. Qxf2 Qc4+ 50. Kb2 b4 51. Qf8+ Kh7 52. Qc5 Qxf1 53. Qh5+ Kg8 54. Qe8+ Qf8 55. Qxe4 Qf2+ 56. Kxb3 a1=Q 57. Qe8+ Qf8 58. Qxf8+ Kxf8 59. Kxb4 Qxd4+ 60. Kb3 Ke7 61. h5 Kd6 62. h6 gxh6 63. Ka2 Kc5 64. Kb1 Qd2 65. Ka1 Kb4 66. Kb1 Kc3 67. Ka1 Qb2#) 48. Qxf2 {[%emt 0:00:22][%mdl 4096] Endgame KQR-KQB} Qe7 {[%emt 0:01:33][%cal Oc4c3] And now ...c3+! would win.} 49. Qf5 {[%emt 0:08:37] [#]} c3+ $1 {[%emt 0:03:20]} 50. Kxc3 {[%emt 0:05:44]} (50. Ke3 Bc4) 50... Bc4 {[%emt 0:00:37] Black mates.} 51. Kc2 {[%emt 0:12:38]} Bxf1 {[%emt 0:01:45]} 52. Qxf1 {[%emt 0:00:04]} Qa3 {[%emt 0:00:40]} 53. Qf5 {[%emt 0:01:55]} Qd3+ {[%emt 0:00:08]} (53... a1=B $2 {perishes.} 54. Qd5+ Kf8 55. Qd8+ Kf7 56. Qd5+ Ke7 57. Qe5+ Kd8 58. Qb8+ Ke7 59. Qe5+ Kd7 60. Qxb5+ Kc7 61. Qe5+ Qd6 62. Qa5+ Kb7 63. Qxa1 Qxg3 64. Qf1 $19) 54. Kb2 {[%emt 0:00:26]} Qb1+ {[%emt 0:00:07]} 55. Ka3 {[%emt 0:00:08]} a1=Q# {[%emt 0:00:10] Magnificent play by Lopez!   Weighted Error Value: White=1.02/Black=0.28 (precise)} 0-1